000
00308nam a2200133Ia 4500
008
210312s9999||||xx |||||||||||||| ||und||
041
_a
osm
050
_a
QK15
050
_b
E83.I46
100
_a
Köprülü, Esat Şerefeddin
245
0
_a
İlm-i nebatat
260
_c
1903 - 1319
650
_a
Botanik--Tarih
999
_c
22425
_d
22425